Recursive functions /

Guardado en:
Autor Principal: Péter, Rózsa, 1905-
Formato: Libro
Idioma:English
German
Publicado: New York : Academic Press, 1967.
Edición:3rd, rev. ed.
Materias:
Etiquetas: Agregar Etiqueta
Sin Etiquetas, Sea el primero en etiquetar este registro!
LEADER 00771cam a22002415a 4500
001 MAT.inmabb003956
008 740801s1967####nyu######b####000#0#eng##
005 20160526172336.0
245 0 0 |a Recursive functions /  |c by Rózsa Péter ; [translated by István Földes]. 
250 |a 3rd, rev. ed. 
260 |a New York :  |b Academic Press,  |c 1967. 
300 |a 300 p. ;  |c 24 cm. 
500 |a Traducción de: Rekursive Funktionen. 1957. 
504 |a Bibliografía: p. 293-300. 
510 4 |a MR,  |c 36 #2496 
100 1 |a Péter, Rózsa,  |d 1905- 
240 1 0 |a Rekursive Funktionen.  |l Inglés 
650 0 |a Recursive functions. 
084 |a 03Dxx  |2 msc2000 
010 |a  66030142  
040 |a DLC  |c DLC  |d ICU  |d DLC 
041 1 |a eng  |h ger 
859 |h 03  |i P478e-3  |p A-2502  |b BIB. MATEMATICA